[Event "Glorney Gilbert International 2015 - Glorney"]
[Site "Johnstown House, Enfield, Co. Meath, Ireland"]
[Date "2015.07.22"]
[Round "5.10"]
[White "SCO He, Ben"]
[Black "ENG Dalton, Joseph"]
[Result "0-1"]
[BlackElo "1825"]
[WhiteElo "1704"]
[LiveChessVersion "1.4.6"]

1. e4 {[%clk 1:30:56]} g6 {[%clk 1:30:57]} 2. d4 {[%clk 1:31:22]} Bg7
{[%clk 1:31:24]} 3. Nc3 {[%clk 1:31:47]} c5 {[%clk 1:31:52]} 4. dxc5
{[%clk 1:32:10]} Bxc3+ {[%clk 1:32:17]} 5. bxc3 {[%clk 1:32:36]} Nf6
{[%clk 1:30:17]} 6. e5 {[%clk 1:32:25]} Ne4 {[%clk 1:30:26]} 7. Bc4 Nxc5
{[%clk 1:20:45]} 8. Qd5 {[%clk 1:31:24]} Ne6 {[%clk 1:20:51]} 9. Be3
{[%clk 1:25:52]} Nc6 {[%clk 1:19:34]} 10. Nf3 {[%clk 1:18:09]} Qa5
{[%clk 1:16:50]} 11. Qxa5 {[%clk 1:15:06]} Nxa5 12. Bd5 {[%clk 1:13:30]} Nc7
{[%clk 1:14:06]} 13. Be4 {[%clk 1:12:41]} Nc4 {[%clk 1:13:34]} 14. Bd4
{[%clk 1:09:49]} O-O {[%clk 1:13:06]} 15. Rb1 {[%clk 1:09:27]} d5
{[%clk 1:13:13]} 16. exd6 {[%clk 1:09:31]} Nxd6 {[%clk 1:11:00]} 17. Bd3
{[%clk 1:08:30]} Be6 {[%clk 1:10:31]} 18. a4 Bd5 {[%clk 0:57:14]} 19. O-O
{[%clk 1:04:41]} f6 {[%clk 0:57:14]} 20. Bc5 {[%clk 1:04:41]} Rfd8
{[%clk 0:57:14]} 21. Nd4 {[%clk 1:04:41]} e5 {[%clk 0:57:14]} 22. Nb5
{[%clk 1:04:41]} Ncxb5 {[%clk 0:57:14]} 23. axb5 {[%clk 1:04:41]} b6 24. Bb4
{[%clk 1:04:41]} Kf7 {[%clk 0:57:14]} 25. Ra1 {[%clk 1:04:41]} Ke6 26. Ra6
{[%clk 1:04:41]} Kf7 {[%clk 0:57:14]} 27. Raa1 {[%clk 0:50:02]} Ke6
{[%clk 0:54:47]} 28. Ra6 {[%clk 0:45:20]} Bc4 29. Bxc4+ {[%clk 0:21:37]} Nxc4
{[%clk 0:49:41]} 30. Rfa1 {[%clk 0:20:31]} Nd6 {[%clk 0:36:36]} 31. Rxa7
{[%clk 0:17:24]} Rxa7 {[%clk 0:37:00]} 32. Rxa7 {[%clk 0:17:50]} Nxb5
{[%clk 0:37:25]} 33. Ra1 {[%clk 0:17:56]} Rc8 {[%clk 0:35:08]} 34. Rb1
{[%clk 0:18:04]} Kf5 {[%clk 0:32:56]} 35. Rb3 {[%clk 0:16:16]} Rc6
{[%clk 0:30:06]} 36. Kf1 {[%clk 0:16:08]} h5 {[%clk 0:28:16]} 37. Ke2
{[%clk 0:15:57]} e4 {[%clk 0:27:26]} 38. Kd2 {[%clk 0:15:02]} Ke5
{[%clk 0:25:47]} 39. Rb1 {[%clk 0:13:06]} g5 {[%clk 0:24:56]} 40. Ba5
{[%clk 0:07:56]} Na3 {[%clk 0:23:25]} 0-1

[Event "Glorney Gilbert International 2015 - Glo"]
[Site "Johnstown House, Enfield, Co. "]
[Date "2015.07.22"]
[Round "6.1"]
[White "ENG Willson, Ollie"]
[Black "IRL O'Donnell, Conor"]
[Result "1/2-1/2"]
[WhiteElo "1909"]
[BlackElo "2263"]
[PlyCount "121"]
[EventDate "2015.??.??"]

1. d4 e6 2. Nf3 f5 3. c4 Nf6 4. g3 c6 5. Bg2 d5 6. O-O Bd6 7. b3 Qe7 8. a4 a5
9. Ba3 Bxa3 10. Nxa3 b6 11. Ne5 Bb7 12. cxd5 exd5 13. Qd2 O-O 14. Qg5 Qe6 15.
Rac1 Na6 16. h4 Rac8 17. Nc2 c5 18. f4 Ne4 19. Bxe4 dxe4 20. dxc5 h6 21. Qh5
Qxb3 22. e3 Nxc5 23. g4 fxg4 24. f5 Nd3 25. Nd4 Qd5 26. Rxc8 Bxc8 27. Ng6 Rf7
28. Qxg4 Ne5 29. Qg3 Nf3+ 30. Nxf3 exf3 31. Qxf3 Qxf3 32. Rxf3 Bd7 33. Rf4 Kh7
34. Ne5 Re7 35. Nxd7 Rxd7 36. Rc4 Rf7 37. Rf4 Rc7 38. Kf2 Kg8 39. Kf3 Kf7 40.
Rd4 Rc5 41. e4 b5 42. axb5 Rxb5 43. Kf4 g6 44. Rd7+ Ke8 45. Ra7 gxf5 46. exf5
Rb4+ 47. Ke5 Rxh4 48. Rxa5 Rh1 49. Ra7 Rb1 50. Rh7 Rb6 51. f6 Rb1 52. Rxh6 Re1+
53. Kf5 Kf7 54. Rh7+ Kg8 55. Rg7+ Kf8 56. Rg4 Rf1+ 57. Kg6 Ra1 58. Rg5 Rb1 59.
Rg4 Ra1 60. Kf5 Ra5+ 61. Kg6 1/2-1/2

[Event "Glorney Gilbert International 2015 - Glo"]
[Site "Johnstown House, Enfield, Co. "]
[Date "2015.07.22"]
[Round "6.2"]
[White "IRL Mulligan, Scott"]
[Black "ENG Fraser, John"]
[Result "0-1"]
[WhiteElo "1957"]
[BlackElo "1913"]
[PlyCount "55"]
[EventDate "2015.??.??"]
[WhiteClock "0:14:03"]
[BlackClock "0:16:31"]

1. e4 c5 2. Nf3 d6 3. d4 cxd4 4. Nxd4 Nf6 5. Nc3 g6 6. Be3 Bg7 7. f3 O-O 8. Qd2
Nc6 9. O-O-O d5 10. Qe1 e5 11. Nxc6 bxc6 12. exd5 Nxd5 13. Bc4 Be6 14. Ne4 Qc7
15. Bc5 Rfd8 16. h4 h6 17. g4 Nf4 18. Bd6 Rxd6 19. Nxd6 Bd5 20. Nb5 Qb6 21.
Bxd5 cxd5 22. Nc3 Rb8 23. b3 e4 24. Nxd5 Nxd5 25. Rxd5 Qf6 26. c3 Rc8 27. c4
Qa1+ 28. Kc2 0-1

[Event "Glorney Gilbert International 2015 - Glo"]
[Site "Johnstown House, Enfield, Co. "]
[Date "2015.07.22"]
[Round "6.3"]
[White "ENG Gallagher, Daniel"]
[Black "IRL Byrne, Alex"]
[Result "1/2-1/2"]
[WhiteElo "1902"]
[BlackElo "1558"]
[PlyCount "58"]
[EventDate "2015.??.??"]

1. e4 e6 2. d4 d5 3. Nd2 c5 4. Ngf3 Nf6 5. e5 Nfd7 6. c3 Nc6 7. Bd3 Be7 8. O-O
O-O 9. Re1 f6 10. exf6 Bxf6 11. Rxe6 cxd4 12. cxd4 Nxd4 13. Nxd4 Bxd4 14. Nf3
Bf6 15. Re1 Re8 16. Be3 Nf8 17. Nd4 Be6 18. Rc1 Rc8 19. Qa4 a6 20. Qb4 Qd7 21.
Nb3 Be7 22. Qd4 Bf6 23. Qb6 Bd8 24. Qb4 Be7 25. Qd2 Qa4 26. Nc5 Bxc5 27. Bxc5
Qxa2 28. Bxf8 Kxf8 29. Rxc8 Bxc8 1/2-1/2

[Event "Glorney Gilbert International 2015 - Glo"]
[Site "Johnstown House, Enfield, Co. "]
[Date "2015.07.22"]
[Round "6.4"]
[White "IRL O'Gorman, Tom"]
[Black "ENG Green, Michael"]
[Result "1-0"]
[WhiteElo "1859"]
[BlackElo "1910"]
[PlyCount "45"]
[EventDate "2015.??.??"]
[WhiteClock "1:07:34"]
[BlackClock "0:37:03"]

1. e4 e6 2. d4 d5 3. Nd2 Nf6 4. e5 Nfd7 5. Bd3 c5 6. c3 Nc6 7. Ngf3 cxd4 8.
cxd4 f6 9. exf6 Nxf6 10. O-O Bd6 11. Re1 O-O 12. Nf1 Bd7 13. Bg5 Qc7 14. Rc1
Rae8 15. Ne5 Bc8 16. Qc2 Bxe5 17. dxe5 h6 18. exf6 hxg5 19. Bh7+ Kh8 20. f7 Re7
21. Bg8 Rxg8 22. Qg6 Rxf7 23. Qh5# 1-0

[Event "Glorney Gilbert International 2015 - Glo"]
[Site "Johnstown House, Enfield, Co. "]
[Date "2015.07.22"]
[Round "6.5"]
[White "ENG Dalton, Joseph"]
[Black "IRL Maher, Conor"]
[Result "1/2-1/2"]
[WhiteElo "1825"]
[BlackElo "1947"]
[PlyCount "168"]
[EventDate "2015.??.??"]
[WhiteClock "0:11:58"]
[BlackClock "0:14:48"]

1. d4 Nf6 2. Nf3 c5 3. d5 e6 4. Nc3 exd5 5. Nxd5 Nxd5 6. Qxd5 Nc6 7. a3 d6 8.
e4 Be6 9. Qd1 Be7 10. Be2 O-O 11. O-O Bf6 12. Rb1 Re8 13. c4 Nd4 14. Nxd4 Bxd4
15. b4 b6 16. Bb2 Bxb2 17. Rxb2 Qf6 18. Rc2 Bd7 19. Rd2 Rad8 20. Rxd6 Be6 21.
e5 Qe7 22. Qd3 Rd7 23. Rd1 Red8 24. Bf3 Rxd6 25. exd6 Qf6 26. Bc6 g6 27. g3 Bf5
28. Qd5 Be6 29. Qd3 Bf5 30. Qd2 Be6 31. bxc5 bxc5 32. Qa5 Bxc4 33. Qxa7 Be2 34.
Qe7 Qxe7 35. dxe7 Rxd1+ 36. Kg2 Bf1+ 37. Kf3 Re1 38. e8=Q+ Rxe8 39. Bxe8 Kf8
40. Ba4 Ke7 41. Ke3 Kd6 42. Be8 Ke7 43. Bc6 Kd6 44. Be4 Bb5 45. f4 f5 46. Bf3
h6 47. h4 Bc4 48. Be2 Bd5 49. Bb5 Bf7 50. Kd3 Kc7 51. Bc4 Be8 52. Be6 Kd6 53.
Bg8 Bb5+ 54. Kc3 Be8 55. Bb3 Kc7 56. Kc4 Bf7+ 57. Kc3 Be8 58. Bd1 Kd6 59. a4
Kd5 60. Bf3+ Kd6 61. a5 Bb5 62. Bb7 Kc7 63. Bd5 Be2 64. Bf7 Bh5 65. Kc4 Kc6 66.
Be8+ Kd6 67. Kb5 Be2+ 68. Kb6 Bf3 69. Bxg6 Be4 70. a6 c4 71. a7 c3 72. Bxf5 c2
73. a8=Q Bxa8 74. Bxc2 Bf3 75. Bf5 Ke7 76. Kc5 Kf6 77. Bc8 h5 78. Kd4 Bd1 79.
Ke3 Bc2 80. Bb7 Bf5 81. Bf3 Bg6 82. g4 hxg4 83. Bxg4 Kg7 84. f5 Bxf5 1/2-1/2

[Event "Glorney Gilbert International 2015 - Glo"]
[Site "Johnstown House, Enfield, Co. "]
[Date "2015.07.22"]
[Round "6.6"]
[White "WLS Evans, Nicholas"]
[Black "SCO Koehn, Lennart"]
[Result "0-1"]
[WhiteElo "1923"]
[BlackElo "1862"]
[PlyCount "84"]
[EventDate "2015.??.??"]
[WhiteClock "0:17:36"]
[BlackClock "0:03:57"]

1. d4 Nf6 2. c4 e6 3. Nf3 Bb4+ 4. Nbd2 b6 5. e3 Bb7 6. Bd3 O-O 7. O-O d5 8. b3
Bd6 9. Bb2 c5 10. Qe2 Nbd7 11. Rac1 Qe7 12. Rfd1 Rfd8 13. Ne5 Rac8 14. f4 cxd4
15. exd4 Ba3 16. Bxa3 Qxa3 17. Ndf3 Ne4 18. f5 exf5 19. Nxd7 Rxd7 20. Ne5 Re7
21. Rf1 f6 22. Nf3 Ng3 23. Qd2 Nxf1 24. Rxf1 g6 25. Re1 Rce8 26. Rxe7 Qxe7 27.
Kf2 Qe6 28. Ng1 f4 29. Ne2 Qe3+ 30. Qxe3 fxe3+ 31. Ke1 g5 32. Nc3 dxc4 33.
Bxc4+ Kg7 34. g3 f5 35. Nb5 Rd8 36. Ke2 f4 37. gxf4 gxf4 38. Nc7 Bc8 39. Be6
Kf6 40. Bxc8 Rxc8 41. Nd5+ Kg5 42. Kf3 Rc2 0-1

[Event "Glorney Gilbert International 2015 - Glo"]
[Site "Johnstown House, Enfield, Co. "]
[Date "2015.07.22"]
[Round "6.7"]
[White "SCO Shafi, Declan"]
[Black "WLS Thomas, Ben"]
[Result "1-0"]
[WhiteElo "1908"]
[BlackElo "1850"]
[PlyCount "93"]
[EventDate "2015.??.??"]
[WhiteClock "0:04:46"]
[BlackClock "0:01:40"]

1. d4 b6 2. c4 Bb7 3. d5 e6 4. e4 exd5 5. cxd5 Nf6 6. Nc3 Bb4 7. f3 Qe7 8. Nge2
O-O 9. a3 Bxc3+ 10. Nxc3 Nh5 11. g3 f5 12. d6 cxd6 13. Nd5 Qd8 14. Bc4 Kh8 15.
h4 fxe4 16. Bg5 Qc8 17. Rc1 exf3 18. Kf2 Nc6 19. g4 Nf6 20. Nxf6 gxf6 21. Bh6
Ne5 22. Be6 Qe8 23. Bf5 Rg8 24. Re1 Nxg4+ 25. Bxg4 Rxg4 26. Rxe8+ Rxe8 27. Qd3
Rxh4 28. Be3 Rh2+ 29. Kg3 Rg2+ 30. Kf4 Reg8 31. Qc3 R2g4+ 32. Kf5 Be4+ 33. Kxf6
R4g6+ 34. Ke7+ R6g7+ 35. Kxd6 h5 36. Bh6 Kh7 37. Bxg7 Rxg7 38. Rh1 Rg6+ 39.
Kxd7 Bf5+ 40. Ke7 Bg4 41. Qe5 Rg7+ 42. Kf8 Rg8+ 43. Kf7 Rg6 44. Rxh5+ Bxh5 45.
Qxh5+ Rh6 46. Qf5+ Kh8 47. Qc8+ 1-0